Lenguaje administrativo y Derecho: el lenguaje como aspecto de la actividad administrativa (propuestas para un uso eficaz del lenguaje administrativo por el personal de las administraciones públicas)
Đã lưu trong:
| Tác giả chính: | |
|---|---|
| Định dạng: | Không biết |
| Ngôn ngữ: | Tiếng Anh Tiếng Tây Ban Nha |
| Được phát hành: |
Navarra, España
Aranzadi
2009
|
| Phiên bản: | Primera edición |
| Những chủ đề: | |
| Các nhãn: |
Thêm thẻ
Không có thẻ, Là người đầu tiên thẻ bản ghi này!
|
MARC
| LEADER | 00000 a2200000 4500 | ||
|---|---|---|---|
| 003 | CL-VaPUC | ||
| 005 | 20210316001358.0 | ||
| 008 | 200114b ||||| |||| 00| 0 eng d | ||
| 999 | |c 376429 |d 376427 | ||
| 020 | |a 9788499034126 | ||
| 040 | |c Pontificia Universidad Católica de Valparaíso | ||
| 041 | 0 | |a spa | |
| 082 | |a 808.066 CON 2009 | ||
| 100 | 1 | |a Conde Antequera, Jesús |9 605640 | |
| 245 | 1 | 0 | |a Lenguaje administrativo y Derecho: |b el lenguaje como aspecto de la actividad administrativa (propuestas para un uso eficaz del lenguaje administrativo por el personal de las administraciones públicas) |
| 250 | |a Primera edición | ||
| 260 | 3 | |b Aranzadi |c 2009 |a Navarra, España | |
| 300 | |a 305 p | ||
| 505 | 0 | |a Capítulo I. Lenguaje administrativo y estilo del lenguaje administrativo. Capítulo II. Planteamientos jurídicos sobre el lenguaje de la administración. Capítulo III. Las características y deficiencias del estilo del lenguaje administrativo y su repercusión en la eficacia de la actividad administrativa. Capítulo IV. Los documentos administrativos en el procedimiento regulado en la Ley 30/1992. Rasgos formales de estructuración e implicaciones comunicativas. Capítulo V. Conclusiones y recomendaciones para un uso eficaz del lenguaje administrativo. | |
| 583 | |k Hugo Gaete |c 20200114 | ||
| 650 | 0 | 0 | |a Retórica |9 266620 |
| 650 | 0 | 0 | |a Administración |9 259325 |
| 650 | 0 | 0 | |a Lingüística aplicada |9 313266 |
| 942 | |2 ddc |c BK | ||
| 952 | |0 0 |1 0 |2 ddc |4 0 |6 808_066000000000000_CON_2009 |7 0 |9 495851 |a BIBDER |b BIBDER |d 2020-01-07 |e 36 |g 29264.00 |i 5571545 |o 808.066 CON 2009 |p 5571545 |r 2023-01-25 |t 1 |v 29264.00 |w 2020-01-07 |y BK |k DER | ||